000 01478cam a2200121 4500500
005 20260405033514.0
041 _afre
042 _adc
245 0 0 _aHistoire et droit des états : La souveraineté dans le temps et l’espace européens
260 _bPresses de Sciences Po,
_c2005.
520 _aIssu du cours "Histoire et droit des Etats" de Sciences Po, ce livre propose un itinéraire pour comprendre la genèse de l'Etat en Europe dans ses diverses figures historiques et nationales. Au moment où la construction européenne et les défis de la mondialisation ébranlent les concepts classiques de l'Etat et de la souveraineté, il donne des clés pour penser la question de l'Etat aujourd'hui et bâtir l'Europe politique de demain. Interdisciplinaire et comparatif, ce manuel conjugue de manière inédite l'histoire, le droit et la philosophie politique. Sa structure pédagogique claire, mise en évidence par l'emploi de la couleur, s'appuie sur un découpage en séquences chronologiques, l'utilisation de cartes et d'encadrés et l'insertion des textes fondamentaux du droit des Etats. Outil indispensable aux étudiants de droit, d'histoire et de sciences humaines, cet ouvrage ne peut que passionner tous ceux qui s'intéressent à l'Etat, à sa construction comme à ses mutations successives, et bien sûr à l'histoire de l'Europe.
856 4 1 _uhttps://shs.cairn.info/histoire-et-droit-des-etats--9782724609530?lang=fr&redirect-ssocas=7080
999 _c2162386
_d2162386